Statistiques concernant Évolution des Pokémon (Random)

Cliquez ici pour prendre le quiz!

Statistiques générales

  • Ce quiz a été pris 2 265 fois
  • Le résultat moyen est 15 sur 20

Statistiques - réponses

HintRéponse% Correct
Évoli (Eau)Aquali
100%
GoéliseBekipan
100%
CacneaCacturne
100%
CapumainCapidextre
100%
CarmacheCarchacrok
100%
FérosingeColossinge
100%
EscrocoCrocorible
100%
FarfuretDimoret
100%
MinidracoDraco
100%
DracoDracolosse
100%
GobouFlobio
100%
HerbizarreFlorizarre
100%
PonytaGalopa
100%
RacaillouGravalanch
100%
BaudriveGrodrive
100%
BulbizarreHerbizarre
100%
SoporifikHypnomade
100%
LixyLuxio
100%
MagnétiMagnéton
100%
MéloMélofée
100%
NidorinaNidoqueen
100%
Évoli (Ténébr)Noctali
100%
NosferaptiNosferalto
100%
OsselaitOssatueur
100%
PrinploufPingoléon
100%
PorygonPorygon2
100%
TiploufPrinplouf
100%
PikachuRaichu
100%
SalamècheReptincel
100%
ToudoudouRondoudou
100%
RozboutonRosélia
100%
RoucoupsRoucarnage
100%
ScorplaneScorvol
100%
CarvanhaSharpedo
100%
ChapotusSorcilence
100%
TentacoolTentacruel
100%
TogeticTogekiss
100%
CarabaffeTortank
100%
BoskaraTorterra
100%
KraknoixVibraninf
100%
Évoli (Électric)Voltali
100%
WailmerWailord
100%
Ramoloss (niveau)Flagadoss
95%
PoissirènePoissoroy
95%
NatuXatu
95%
DrackhausDrattak
94%
ÉlektekÉlekable
94%
Kirlia (Pierre aube)Gallame
94%
Évoli (Glace)Givrali
94%
SnubbullGranbull
94%
BarpauMilobellus
94%
Évoli (Fée)Nymphali
94%
GoupixFeunard
93%
GravalanchGrolem
93%
RocabotLougaroc
93%
RioluLucario
93%
GermignonMacronium
93%
Porygon2Porygon-Z
93%
Évoli (Feu)Pyroli
93%
YanmaYanméga
93%
AboArbok
92%
SaquedeneuBouldeneu
92%
CoxyCoxyclaque
92%
KokiyasCrustabri
92%
BoustiflorEmpiflor
92%
TadmorvGrotadmorv
92%
MachopeurMackogneur
92%
MagbyMagmar
92%
MéloféeMélodelfe
92%
NidorinoNidoking
92%
PandespièglePandarbare
92%
MiaoussPersian
92%
PichuPikachu
92%
PiafabecRapasdépic
92%
RoucoolRoucoups
92%
ChimpenfeuSimiabraz
92%
ManzaïSimularbre
92%
ApitriniApireine
91%
CarapuceCarabaffe
91%
MustébouéeMustéflott
91%
Nidoran ♀Nidorina
91%
NoeunoeufNoadkoko
91%
TaupiqueurTriopikeur
91%
FeurissonTyphlosion
91%
BlizziBlizzaroi
90%
AspicotCoconfort
90%
DarumarondDarumacho
90%
PhanpyDonphan
90%
GalekidGalegon
90%
FuraiglonGuériaigle
90%
RototaupeMinotaupe
90%
OkéokéQulbutoké
90%
GoinfrexRonflex
90%
PifeuilTengalice
90%
DynavoltÉlecsprint
89%
HypocéanHyporoi
89%
FlobioLaggron
89%
LeveinardLeuphorie
89%
PonchienMastouffe
89%
Mime Jr.M.Mime
89%
ChrysacierPapilusion
89%
StariStaross
89%
YmphectTyranocif
89%
LimagmaVolcaropod
89%
BaggiguaneBaggaïd
88%
OuvrifierBétochef
88%
NounoursonChelours
88%
Kirlia (niveau)Gardevoir
88%
RoundoudouGrodoudou
88%
HoothootNoarfang
88%
CharpentiOuvrifier
88%
GrainipiotPifeuil
88%
SabeletteSablaireau
88%
TarinorTarinorme
88%
KeunotorCastorno
87%
FeuforêveMagirêve
87%
AxolotoMaraiste
87%
FantominusSpectrum
87%
Têtarte (Pierre eau)Tartard
87%
ChamallotCamérupt
86%
ExcelangueCoudlangue
86%
MalosseDémolosse
86%
Ningale (outre l'évolution normale)Munja
86%
Nidoran ♂Nidorino
86%
SepiatopSepiatroce
86%
PtitardTêtarte
86%
ZébibronZéblitz
86%
ZoruaZoroark
86%
CaninosArcanin
85%
ChenipanChrysacier
85%
SolochiDiamat
85%
FlamajouFlamoutan
85%
GranivolFloravol
85%
PoussifeuGalifeu
85%
HypotrempeHypocéan
85%
CrikzikMélokrik
85%
VigorothMonaflèmit
85%
ScalpionScalproie
85%
TeddiursaUrsaring
85%
PsykokwakAkwakwak
83%
ArmulysCharmillon
83%
DoudouvetFarfaduvet
83%
RoussilGoupelin
83%
SpoinkGroret
83%
Linéon de GalarIxon
83%
TehralMétang
83%
RatentifMiradar
83%
MoufouetteMoufflair
83%
RoséliaRoserade
83%
KadabraAlakazam
82%
CrocrodilAligatueur
82%
ÉlekidÉlektek
82%
NodulitheGéolithe
82%
MakuhitaHariyama
82%
NirondelleHélédelle
82%
LippoutiLippoutou
82%
CochignonMammochon
82%
ArckoMassko
82%
TéraclopeNoctunoir
82%
InsécateurCizayox
81%
GalegonGaleking
81%
WattouatLainergie
81%
MagicarpeLéviator
81%
MétangMétalosse
81%
SmogoSmogogo
81%
AnorithArmaldo
80%
ChétiflorBoustiflor
80%
ÉtourvolÉtouraptor
80%
PomdepikForetress
80%
FouinetteFouinar
80%
TarsalKirlia
80%
KrabbyKrabboss
80%
LaporeilleLockpin
80%
PhioneManaphy
80%
MacroniumMéganium
80%
Évoli (Plante)Phyllali
80%
Ramoloss (Éch + Roche Royale)Roigada
80%
IncisacheTranchodon
80%
ArchéomireArchéodong
79%
GlouptiAvaltout
79%
DimoclèsExagide
79%
MasskoJungko
79%
Canarticho de GalarPalarticho
79%
DoduoDodrio
78%
ReptincelDracaufeu
78%
SpectrumEctoplasma
78%
LoupioLanturn
78%
VibraninfLibégon
78%
MachocMachopeur
78%
FlamiaouMatoufeu
78%
GrindurNoacier
78%
Stalgamin (niveau)Oniglali
78%
Ortide (Pierre Plante)Rafflésia
78%
CosmogCosmovum
77%
MascaïmanEscroco
77%
GalvaranIguolta
77%
EscargaumeLimaspeed
77%
LuxioLuxray
77%
MunnaMushana
77%
RattataRattatac
77%
ÉtourmiÉtourvol
76%
MedhyènaGrahyèna
76%
LewsorNeitram
76%
MystherbeOrtide
76%
MimitossAéromite
75%
TortipoussBoskara
75%
MéditikkaCharmina
75%
OuisticramChimpenfeu
75%
Corayon de GalarCorayôme
75%
CornèbreCorboss
75%
SkittyDelcatty
75%
BrocélômeDesséliande
75%
ÉcaïdÉkaïser
75%
MatoufeuFélinferno
75%
BraisillonFlambusard
75%
TrompignonGaulet
75%
BadabouinGorythmic
75%
KabutoKabutops
75%
AbraKadabra
75%
LianajaMajaspic
75%
Stalgamin (Pierre aube)Momartik
75%
NosferaltoNostenfer
75%
ObaliePhogleur
75%
Debugant (Déf > Att)Tygnon
75%
OtariaLamantine
74%
BarlocheBarbicha
73%
CeribouCeriflor
73%
CoconfortDardargnan
73%
BrindibouEfflèche
73%
SapereauExcavarenne
73%
ChacripanLéopardus
73%
MimigalMigalos
73%
KungfouineShaofouine
73%
Cosmovum (Soleil ou Ultra-Soleil)Solgaleo
73%
VostournoVaututrice
73%
Évoli (Psy)Mentali
72%
AmonitaAmonistar
71%
MarissonBoguérisse
71%
VoltorbeÉlectrode
71%
PhogleurKaimorse
71%
BalbutoKaorine
71%
AzurillMarill
71%
MoustillonMateloutre
71%
FunécireMélancolux
71%
M.Mime de GalarM. Glaquette
71%
RémoraidOctillery
71%
VorastériePrédastérie
71%
SorboulSorbouboul
71%
OnixSteelix
71%
CroâporalAmphinobi
70%
PolichombrBranette
70%
RamboumBrouhabam
70%
SonistrelleBruyverne
70%
ChaglamChaffreux
70%
FluvetinCocotine
70%
GrenousseCroâporal
70%
DrabyDrackhaus
70%
VenalgueKravarech
70%
RhinoférosRhinastoc
70%
RhinocorneRhinoféros
70%
SorbébéSorboul
70%
SancokiTritosor
70%
TyltonAltaria
69%
GalifeuBraségali
69%
Cheniti (femelle)Cheniselle
69%
FloravolCotovol
69%
NénupiotLombre
69%
CarapagosMégapagos
69%
ColimucusMuplodocus
69%
LapyroPyrobut
69%
Têtarte (Éch. + Roche Royale)Tarpaud
69%
CradopaudCoatox
67%
MarcacrinCochignon
67%
RapionDrascore
67%
GringolemGolemastoc
67%
Ortide (Pierre Soleil)Joliflor
67%
Debugant (Att = Déf)Kapoera
67%
CarabingLançargot
67%
DispareptilLanssorien
67%
FlambinoLapyro
67%
VipélierreLianaja
67%
ZigzatonLinéon
67%
MagmarMaganon
67%
MagnétonMagnézone
67%
Ningale (évolution directe)Ninjask
67%
LainergiePharamp
67%
PonchiotPonchien
67%
PyronillePyrax
67%
FeunnecRoussil
67%
Type:0Silvallié
67%
SlelénoxTéraclope
67%
TogepiTogetic
67%
TutafehTutankafer
67%
Debugant (Att > Déf)Kicklee
65%
HélionceauNémélios
65%
ParasParasect
65%
GriknotCarmache
64%
TicClic
64%
Verpom (Pomme Sucrée)Dratatin
64%
HéricendreFeurisson
64%
FlotajouFlotoutan
64%
CoupenotteIncisache
64%
ChovsourirRhinolove
64%
GrotichonRoitiflam
64%
CandineSucreine
64%
ParecoolVigoroth
64%
MarillAzumarill
63%
DinoclierBastiodon
63%
MinisangeBleuseille
63%
ColombeauDéflaisan
63%
NucléosMéios
63%
ÉcrapinceColhomard
62%
GrillepattesScolocendre
62%
ChuchmurRamboum
61%
ChenipotteArmulys | Blindalys
60%
KranidosCharkos
60%
LarvibuleChrysapile
60%
LarveyetteCouverdure
60%
CrabicoqueCrabaraque
60%
BatracnéCrapustule
60%
CouanetonLakmécygne
60%
TritoxMalamandre
60%
MiamiasmeMiasmax
60%
MéiosSymbios
60%
Cosmovum (Lune ou Ultra-Lune)Lunala
59%
ArakdoMaskadra
59%
LarméléonArrozard
58%
CroquineCandine
58%
FeuillajouFeuiloutan
58%
MimantisFloramantis
58%
OtarletteOratoria
58%
BombydouRubombelle
58%
TritondeBatracné
57%
TiboudetBourrinos
57%
KaiminusCrocrodil
57%
BabimantaDémanta
57%
DunajaDunaconda
57%
VivaldaimHaydaim
57%
ChrysapileLucanon
57%
FlabébéFloette
56%
SpododoLampignon
56%
PtiraviLeveinard
56%
PsystigriMistigrix
56%
ViskuseMoyade
56%
StatitikMygavolt
56%
AraquaTarenbulle
56%
KhélocrokTorgamord
56%
BoguérisseBlindépique
55%
CrèmyCharmilly
55%
MateloutreClamiral
55%
PtyranidurRexillius
55%
EmbrylexYmphect
55%
TournegrinHéliatronc
54%
MoumoutonMoumouflon
54%
VenipatteScobolide
54%
ArkéaptiAéroptéryx
53%
MangloutonArgouste
50%
PiclaironBazoucan
50%
Miaouss de GalarBerserkatt
50%
BibichutChapotus
50%
CabriolaineChevroum
50%
ClicCliticlic
50%
AmagaraDragmara
50%
KorillonÉoko
50%
LombreLudicolo
50%
VéminiMandrillon
50%
MeltanMelmetal
50%
ScrutellaMesmérella
50%
Cheniti (mâle)Papilord
50%
ChichidouPashmilla
50%
PérégrainPrismillon
50%
ToxizapSalarsen
50%
SovkipouSarmuraï
50%
GrelaçonSéracrawl
50%
LiliaVacilys
50%
TournicotonBlancoton
47%
BleuseilleCorvaillus
47%
MonorpaleDimoclès
47%
ArrozardLézargus
47%
RongourmandRongrigou
47%
Tutafeh de GalarTutétékri
47%
ScobolideBrutapode
46%
WagomineMonthracite
46%
ChlorobuleFragilady
45%
MélancoluxLugulabre
45%
BlindalysPapinox
45%
PoichigeonColombeau
44%
GruikuiGrotichon
44%
PolarhumePolagriffe
44%
GéolitheGigalithe
43%
LampéroieOhmassacre
43%
LépidonillePérégrain
43%
DiamatTrioxhydre
43%
MucusculeColimucus
42%
VoltoutouFulgudog
42%
PoulpafKrakos
42%
CouverdureManternel
42%
CharbiWagomine
42%
BacabouhTrépassable
41%
FloetteFlorges
40%
Coquiperl (Éch + Dent Océan)Serpang
40%
PasserougeBraisillon
39%
HippopotasHippodocus
38%
AnchwattLampéroie
38%
Verpom (Pomme Acidulée)Pomdrapi
38%
MesmérellaSidérella
38%
BalignonChapignon
36%
EmbrochetHastacuda
36%
BébécailleÉcaïd
33%
GrimalinFourbelin
33%
FlingousteGamblast
33%
OtaquinOtarlette
33%
PicassautPiclairon
33%
Coquiperl (Éch + Écaille Océan)Rosabyss
33%
FrissonilleBeldeneige
31%
CharibariPachyradjah
30%
OpermineGolgopathe
29%
GoupilouRoublenard
29%
CrabagarreCrabominable
27%
ThéffroiPolthégeist
27%
EfflècheArchéduc
25%
OuistempoBadabouin
25%
PitrouilleBanshitrouye
25%
ÉcayonLuminéon
20%
ColéodômeAstronelle
18%
SucroquinCupcanaille
18%
LarvadarColéodôme
14%
FourbelinAngoliath
13%
FantyrmDispareptil
11%

Distribution des résultats

Percentile par nombre de réponses

% des personnes avec chaque résultat

Votre développement - résultats

Vous n’avez pas pris ce quiz